01517nam a2200397 a 450000100060000000300100000600500170001600800410003301500220007402000150009603500170011104000250012804100080015304400110016108000250017210000240019724000610022124503130028225000120059526000350060730000330064249000240067550000360069950400090073565000340074465500240077870000280080270000240083070000230085470000360087773000500091383000240096394200170098799900170100495200980102122954SK-KTurca20260513074758.0251113s2000 xo a r 0 slo  aSNBA2001/08-02702 a8088963486 aSNK000364836 aSNKbslocSNKeAACR20 aslo axocSK a635.92(084.12)219811 aWeimar, Martin4aut10aBalkonblumen in Töpfen, Kästen und AmpelnlSlovensky10aBalkónové kvety v kvetináčoch, hrantíkoch a debničkáchbodborné rady pri výbere, sadení a starostlivosti na každé ročné obdobiecMartin Weimar ; fotografie Friedrich Strauss ; kresby Marlene Gemkeová a Ushie Dornerová ; [z nemeckého originálu preložil Vladimír Varsik] a2. vyd. a[Bratislava]bMedia klubc2000 a60 s.bfareb. fotogr.c20 cm1 aFarebné balkóny aIlustr. na tit. strane a front. aReg.07abalkónové rastliny2SNKPH 7apríručky2SNKPH1 aStrauss, Friedrich4fot1 aGemke, Marlene4ill1 aDorner, Ushie4ill1 aVarsik, Vladimír,d1964-4trl aBalkonblumen in Töpfen, Kästen und Ampeln 0aFarebné balkóny 2ddccOLDOn0 c22954d22954 001040708DaOKTUSbOKTUSd2026-05-13l0p4738001247r2026-05-13 07:48:15w2026-05-13yOLDO